Images That Rhyme with 'ILL' Quiz Stats

 Plays Quiz Updated Nov 8, 2017

Challenge
Share
Tweet
Score 0/20 Timer 03:00
4 Plays Today
% Correct
drill
99.4%
hill
99.1%
pill
98.9%
Will (Smith)
98.6%
spill
98.2%
grill
96.2%
bill
94.6%
sill
93.8%
quill
90.8%
(Dr.) Phil
84.5%
% Correct
mill
83.7%
gill
83.6%
dill
82.2%
frill
80.1%
chill
78.4%
nil
77.3%
krill
72.3%
fill
67.4%
still
63.3%
twill
33.9%

You're not logged in!

Compare scores with friends on all Sporcle quizzes.
OR
Log In

You Might Also Like...

Show Comments

Extras

Top Quizzes Today


Score Distribution

Your Account Isn't Verified!

In order to create a playlist on Sporcle, you need to verify the email address you used during registration. Go to your Sporcle Settings to finish the process.

Report this User

Report this user for behavior that violates our Community Guidelines.

Details: